[Event "Niskayuna op"]
[Site "Niskayuna"]
[Date "2003.04.12"]
[Round "3"]
[White "Prochera, John"]
[Black "Rusyniak, George"]
[Result "0-1"]
[WhiteElo "1648"]
[BlackElo "1943"]
[PlyCount "100"]
[EventDate "2003.04.12"]
[EventType "swiss"]
[EventRounds "4"]
[EventCountry "USA"]
[SourceTitle "EXT 2008"]
[Source "ChessBase"]
[SourceDate "2007.11.25"]
[SourceVersion "1"]
[SourceVersionDate "2007.11.25"]
[SourceQuality "1"]

1. f4 d5 2. e3 c5 3. Nf3 Nc6 4. Bb5 Bd7 5. Bxc6 Bxc6 6. b3 Qc7 7. 0-0 Nf6 8. Bb2 e6 9. Kh1 Bd6 10. Ne5 0-0-0 11. a4 h5 12. Na3 a6 13. Nb5 Bxb5 14. axb5 a5 15. b6 Qe7 16. Rxa5 Bxe5 17. Bxe5 Kd7 18. Qa1 Ke8 19. Bc7 Rc8 20. Ra7 Nd7 21. Qxg7 Rf8 22. Rfa1 Nf6 23. Be5 Ng4 24. Qg5 Qxg5 25. fxg5 Nxe5 26. Rxb7 f6 27. d4 cxd4 28. exd4 Nc6 29. g6 Rg8 30. g7 Rb8 31. Rxb8+ Nxb8 32. Ra7 Nd7 33. b7 Nb8 34. c4 Kd7 35. c5 Rxg7 36. b4 Kc6 37. Ra1 Rxb7 38. Re1 Kd7 39. Rb1 Rb5 40. Kg1 Nc6 41. Rf1 f5 42. Rf4 Rxb4 43. Rh4 Rxd4 44. Rxh5 Rc4 45. Rh7+ Ne7 46. Rg7 Rxc5 47. g3 Rc4 48. h4 Rg4 49. Rxg4 fxg4 50. h5 Ke8 0-1